000 00780nam a2200265Ia 4500
003 OSt
005 20220925234346.0
006 a|||||r|||| 00| 0
007 ta
008 220923b |||||||| |||| 00| 0 eng d
020 _a8177332708
037 _cGeneral Book
040 _aRTL
_cRTL
_beng
041 _2eng
_aeng
082 _aX7243:8.2.P, P5/TD
100 _aAhuja Girish
_9268974
245 0 _aBharat's professional approach to corporate tax
_b Planning and management
250 _a7
260 _a New Delhi
_bBharat Law House India
_c2005
300 _a663p
_ccm.
650 _aCorporate Tax
_9253572
700 _a Gupta Ravi
942 _hX7243:8.2.P, P5/TD
_cGB
_2CC
999 _c595495
_d595495